| 000 | 00583nam a2200205Ia 4500 | ||
|---|---|---|---|
| 003 | GCL | ||
| 008 | 140319s9999 xx 000 0 eng d | ||
| 020 | _a0130960195 | ||
| 040 |
_aGCL / _cGCL |
||
| 082 | 0 | 4 |
_a004.6 _bL W |
| 100 | 1 | _aLIBERTONE, DAVID | |
| 245 | 1 | 0 |
_aWINDOWS NT CLUSTER SERVER : _bGUIDEBOOK / _cLIBERTONE, DAVID |
| 700 | 1 | _aBRAIN, MARSHALL | |
| 260 |
_aانجلترا : _bPRENTICE HALL PTR ، _c1999 |
||
| 300 |
_a280 P _bILL. ؛ _c24 cm. |
||
| 650 | 0 | 4 | _aCOMPUTER NETWORK RESOURCES |
| 650 | 0 | 4 | _aCOMPUTER SCIENCE |
| 650 | 0 | 4 | _aCOMPUTER NETWORKS |
| 942 |
_2ddc _cBK |
||
| 999 |
_c6786 _d6786 |
||